1575 1378 1081 1763 1161 1358 1758 1152 1287 1225 1085 1066 1557 1850 1847 1753 1829 1313 1521 1148 1288 1108 1994 1024 1242 1874 1033 1955 1481 1105 1812 1749 1990 1551 1138 1193 1206 1473 1562 1481 1748 1131 1293 1371 1890 1102 1334 1342 1914 1836 1592 1478 1329 1999 1448 1696 1833 1978 1914 1902 1825 1504 1856 1484 1739 1821 1347 1129 1250 1569 1606 1895 1091 1566 1220 1808 1471 1204 1158 1095 1007 1227 1215 1031 1484 1163 1865 1529 1930 1962 1561 1194 1081 1358 1086 1136 1370 1448 1721 BCNSPRNW ULIB Ver.6.0+V

เปลี่ยนเป็นภาษาไทย

Change to English
 แสดงรายละเอียดบรรณานุกรม
  กลับหน้าหลัก

Brief Record : Get Marc (ISO 2709) : E-mail record : QR code < ปิดหน้าต่าง
LEADER : 00000nam 2200000uu 4500
001    13399113129
003     ULIB
008    110927s2547||||th 000 0 tha d
020    9789742986049
050 04 Q158.5^bP111 2547
245 00 ชีววิทยา =^bEssential atlas of biology /^cสมใจ รักษาศรี,แปล
246 31 Essential atlas of biology
260    กรุงเทพฯ :^bชมรมเด็ก,^c2547
300    96 หน้า :^bภาพประกอบ, ตาราง
650  7 ชีววิทยา
700 00 สมใจ รักษาศรี,^eผู้แปล
945    ^p300^l0^i026582
995    ทศพร
999 ^a ทศพร
รายการนี้ยังไม่มีแท็ก
คุณยังไม่ได้ล็อกอิน คุณสามารถมีกิจกรรมร่วมกับเว็บไซต์ได้ แต่ต้องล็อกอินก่อน ::
  ล็อกอิน

รายการสื่อสารสนเทศ

ลำดับที่ ประเภท เลขเรียก/บาร์โค้ด สถานที่ สถานะ
- ไม่พบข้อมูล -

รายการใกล้เคียง
    หัวเรื่อง [ชีววิทยา]

BibComment


ยังไม่เคยถูกคอมเมนท์

คอมเมนท์ทรัพยากรรายการนี้
  คอมเมนท์: ชีววิทยา Essenti..


 Copyright 2026. Bcnsprnw @Library